000
00230nam a2200097Ia 4500
008
190216s9999||||xx |||||||||||||| ||und||
100
_a
Sreedaran Moosath
245
0
_a
Vyavasayika Carbon
260
_b
Kerala Basha Inst
942
_c
BK
999
_c
38085
_d
38085